States That Beat Michigan - Statistics

General Stats
  • This quiz has been taken 41 times
  • The average score is 9 of 12
Answer Stats
Rank Hint Answer % Correct
7 Northernmost State Alaska, Minnesota, Idaho, Montana, North Dakota, Washington
94%
5 Most lakes Alaska, Kansas, Florida, Wisconsin, Minnesota
85%
8 U.S. News Worst Quality of Life Oklahoma, Alabama, Alaska, West Virginia, Arkansas, Mississippi, New Mexico, Louisiana
79%
2 Biggest Border With Canada Alaska
76%
2 Longest coastline Alaska
76%
8 Has the first city alphabetically in the top 30 by population Maryland, Massachusetts, Colorado, North Carolina, Ohio, Texas, Illinois
76%
2 Closest state capital to Canada Vermont
71%
5 Least Population Growth in % West Virginia, Mississippi, Illinois, Connecticut
71%
7 Least % of people without health insurance Massachusetts, Vermont, Hawaii, Minnesota, North Dakota, Rhode Island
68%
3 Least % of Population Hawaiian or Pacific Islander West Virginia, Maine
68%
9 Has the highest city alphabetically over 100,000 people Texas, Ohio, New York, New Mexico, Virginia, Pennsylvania, California, Alaska
62%
T-3 Most animals on their state flag Louisiana, Kansas
38%
No matching quizzes found
Score Distribution
Percent of People with Each Score
Percentile by Number Answered
Your Score History
You have not taken this quiz